Ṣuḥbat al-Jannah / (Record no. 179176)

MARC details
000 -LEADER
fixed length control field 01199nam a22003491i 4500
003 - CONTROL NUMBER IDENTIFIER
control field OSt
005 - DATE AND TIME OF LATEST TRANSACTION
control field 20200929104822.0
008 - FIXED-LENGTH DATA ELEMENTS--GENERAL INFORMATION
fixed length control field 200924s2018 ua a e 000 | ara d
020 ## - INTERNATIONAL STANDARD BOOK NUMBER
International Standard Book Number 9789772787340
Terms of availability RM 12.00
Qualifying information paperback
040 ## - CATALOGING SOURCE
Original cataloging agency PPAK
Language of cataloging eng
Transcribing agency PPAK
Description conventions rda
082 04 - DEWEY DECIMAL CLASSIFICATION NUMBER
Edition number 23
Classification number 297.648
090 00 - LOCALLY ASSIGNED LC-TYPE CALL NUMBER (OCLC); LOCAL CALL NUMBER (RLIN)
Classification number (OCLC) (R) ; Classification number, CALL (RLIN) (NR) 297.648
Feature heading ATI
Feature heading G
100 1# - MAIN ENTRY--PERSONAL NAME
Linkage 880-01
Personal name ʻAṭīyah, Muḥammad,
Relator term author.
245 10 - TITLE STATEMENT
Linkage 880-02
Title Ṣuḥbat al-Jannah /
Statement of responsibility, etc. Muḥammad ʻAṭīyah.
250 ## - EDITION STATEMENT
Linkage 03
Edition statement al-Ṭabʻah al-ūlá.
Linkage 03
Edition statement .الطبعة الأولى‬
264 #1 - PRODUCTION, PUBLICATION, DISTRIBUTION, MANUFACTURE, AND COPYRIGHT NOTICE
Place of production, publication, distribution, manufacture al-Qāhirah :
Name of producer, publisher, distributor, manufacturer Dār al-basheer
Date of production, publication, distribution, manufacture, or copyright notice 2018.
Date of production, publication, distribution, manufacture, or copyright notice 2018
300 ## - PHYSICAL DESCRIPTION
Extent 256 pages :
Dimensions 20 cm
336 ## - CONTENT TYPE
Source rdacontent
Content type term text
337 ## - MEDIA TYPE
Source rdamedia
Media type term unmediated
338 ## - CARRIER TYPE
Source rdacarrier
Carrier type term volume
520 ## - SUMMARY, ETC.
Summary, etc. Arbitration and award (Islamic law).
546 ## - LANGUAGE NOTE
Language note In Arabic.
600 ## - SUBJECT ADDED ENTRY--PERSONAL NAME
Personal name Muhammad,
Titles and other words associated with a name Prophet,
Dates associated with a name -632
General subdivision Companions
650 #0 - SUBJECT ADDED ENTRY--TOPICAL TERM
Topical term or geographic name entry element Islamic ethics.
830 #0 - SERIES ADDED ENTRY--UNIFORM TITLE
Uniform title Markaz al-Buḥūth wa-al-Dirāsāt ;
Volume/sequential designation 227.
Linkage 07
Uniform title مركز البحوث والدراسات ؛
Volume/sequential designation 227.
880 1# - ALTERNATE GRAPHIC REPRESENTATION
Linkage 100-01/(3/r|
a عطية، محمد،
e author.
Linkage 245-02/(3/r|
a صحبة الجنة /
c محمد عطية.
942 ## - ADDED ENTRY ELEMENTS (KOHA)
Source of classification or shelving scheme Dewey Decimal Classification
Koha item type Book
Holdings
Withdrawn Not for loan Current library Shelving location Date acquired Total Checkouts Full call number Barcode Date last seen Date last checked out Koha item type
    Perpustakaan Alor Setar Pinjaman Dewasa 30/09/2020 1 297.648 ATI A01647118 14/04/2022 24/03/2022 Book